[Event "Rhein Main op-B 24th"]
[White "Bernig Le Duigou, Vincent"]
[Black "Knuplesch, Ulrich"]
[Site "Bad Homburg"]
[Round "5"]
[Result "1-0"]
[Date "2022.06.18"]
[WhiteElo "1222"]
[BlackElo "1607"]
[PlyCount "109"]
[EventDate "2022.06.15"]
[EventType "swiss"]
[EventRounds "7"]
[EventCountry "GER"]
[SourceTitle "EXT 2023"]
[Source "ChessBase"]
[SourceDate "2022.10.05"]
[SourceVersion "1"]
[SourceVersionDate "2022.10.05"]
[SourceQuality "1"]

1. e4 c5 2. Nf3 d6 3. d4 cxd4 4. Nxd4 Nf6 5. Nc3 a6 6. a4 e6 7. Bc4 Be7 8. 0-0 0-0 9. Be3 Qc7 10. Qe2 Ng4 11. Qxg4 Qxc4 12. Rfd1 e5 13. Qe2 Qxe2 14. Ndxe2 Be6 15. Bb6 Nd7 16. Bc7 Rfc8 17. Bxd6 Bg5 18. f4 exf4 19. Bxf4 Bd8 20. a5 Nf6 21. h3 Rc5 22. Be3 Rc4 23. Rd4 Rac8 24. Nf4 Rxd4 25. Bxd4 Bd7 26. e5 Ne8 27. g4 Nc7 28. Bb6 Bg5 29. Nd3 Bc6 30. Nb4 Bd7 31. Rd1 Be6 32. Ne4 Bd8 33. Nd6 Rb8 34. Nxb7 Bg5 35. Nd6 Na8 36. Nxa6 Rf8 37. Ne4 Bf4 38. Bd4 Rd8 39. Nd6 h5 40. Nc5 hxg4 41. Nxe6 fxe6 42. hxg4 Nc7 43. Bb6 Rd7 44. Bxc7 Rxc7 45. c3 Bxe5 46. Nb5 Rc5 47. a6 Rxb5 48. a7 Ra5 49. Rd8+ Kh7 50. a8Q Rxa8 51. Rxa8 Kg6 52. Kg2 Kf6 53. Kf3 g5 54. Ke4 Bf4 55. Rf8+ 1-0

[Event "Rhein Main op-B 19th"]
[White "Knuplesch, Ulrich"]
[Black "Koellner, Felicitas Ophelia"]
[Site "Bad Homburg"]
[Round "4"]
[Result "1-0"]
[Date "2016.05.27"]
[WhiteElo "1339"]
[BlackElo "1598"]
[PlyCount "107"]
[EventDate "2016.05.25"]
[EventType "swiss"]
[EventRounds "7"]
[EventCountry "GER"]
[SourceTitle "EXT 2017"]
[Source "ChessBase"]
[SourceDate "2016.10.25"]
[SourceVersion "1"]
[SourceVersionDate "2016.10.25"]
[SourceQuality "1"]

1. d4 d6 2. c4 Nf6 3. Nc3 Nbd7 4. e4 e5 5. d5 g6 6. Be2 Bg7 7. Nf3 0-0 8. Be3 Ng4 9. Bg5 Ngf6 10. 0-0 h6 11. Bd2 Nc5 12. Qc2 a5 13. a4 Nh7 14. Ne1 f5 15. f3 f4 16. Nd3 Nxd3 17. Bxd3 g5 18. Ne2 h5 19. c5 g4 20. cxd6 cxd6 21. Rfc1 Qg5 22. Rf1 Qg6 23. Kh1 Ng5 24. Ng1 h4 25. Be1 g3 26. h3 Nxh3 27. gxh3 Bf6 28. Kg2 Bd8 29. Kh1 Qg7 30. b4 b6 31. b5 Kh8 32. Kg2 Bd7 33. Bc3 Rc8 34. Ra2 Rg8 35. Qd2 Bc7 36. Rc2 Bd8 37. Rfc1 Ra8 38. Bb2 Qg6 39. Ba3 Qh6 40. Rc7 Bxc7 41. Rxc7 Bc8 42. Qc2 Rd8 43. Rf7 Kg8 44. Qc7 Qg6 45. Qxd8+ Kxf7 46. Qxb6 Ke7 47. Qc7+ Ke8 48. b6 Qf7 49. Bb5+ Bd7 50. b7 Rd8 51. b8Q Rxb8 52. Qxb8+ Ke7 53. Qxd6+ Ke8 54. Qb8# 1-0